[Event "New Zealand Championship 2023"]
[Site "Wellington"]
[Date "2023.01.05"]
[Round "4.3"]
[White "Dive, Russell J"]
[Black "Croad, Nicolas"]
[Result "1/2-1/2"]
[WhiteElo "2350"]
[BlackElo "2442"]

1. c4 {[%clk 01:30:58]} 1... e6 {[%clk 01:30:55] [%emt 00:00:06]} 2. Nf3 {[%clk
01:31:13] [%emt 00:00:15]} 2... d5 {[%clk 01:31:18] [%emt 00:00:07]} 3. g3
{[%clk 01:31:34] [%emt 00:00:10]} 3... Nf6 {[%clk 01:31:40] [%emt 00:00:08]} 4.
Bg2 {[%clk 01:31:57] [%emt 00:00:07]} 4... d4 {[%clk 01:32:00] [%emt 00:00:10]}
5. O-O {[%clk 01:32:16] [%emt 00:00:11]} 5... c5 {[%clk 01:32:22] [%emt
00:00:07]} 6. b4 {[%clk 01:32:39] [%emt 00:00:07]} 6... cxb4 {[%clk 01:32:46]
[%emt 00:00:07]} 7. a3 {[%clk 01:32:58] [%emt 00:00:11]} 7... a5 {[%clk
01:32:55] [%emt 00:00:21]} 8. d3 {[%clk 01:33:11] [%emt 00:00:17]} 8... Ra6
{[%clk 01:31:44] [%emt 00:01:41]} 9. e3 {[%clk 01:33:24] [%emt 00:00:17]} 9...
Nc6 {[%clk 01:30:43] [%emt 00:01:31]} 10. Bb2 {[%clk 01:31:59] [%emt 00:01:55]}
10... dxe3 {[%clk 01:27:27] [%emt 00:03:46]} 11. fxe3 {[%clk 01:32:22] [%emt
00:00:07]} 11... Be7 {[%clk 01:27:32] [%emt 00:00:25]} 12. axb4 {[%clk
01:29:49] [%emt 00:03:04]} 12... Nxb4 {[%clk 01:24:48] [%emt 00:03:13]} 13. d4
{[%clk 01:29:24] [%emt 00:00:54]} 13... O-O {[%clk 01:24:29] [%emt 00:00:49]}
14. Nc3 {[%clk 01:27:02] [%emt 00:02:51]} 14... Ng4 {[%clk 01:17:45] [%emt
00:07:14]} 15. Qe2 {[%clk 01:03:33] [%emt 00:24:00]} 15... Bg5 {[%clk 00:47:38]
[%emt 00:30:37]} 16. Nxg5 {[%clk 00:54:51] [%emt 00:09:11]} 16... Qxg5 {[%clk
00:48:04] [%emt 00:00:05]} 17. Bc1 {[%clk 00:53:57] [%emt 00:01:23]} 17... e5
{[%clk 00:43:54] [%emt 00:04:41]} 18. Ne4 {[%clk 00:49:27] [%emt 00:04:59]}
18... Qg6 {[%clk 00:40:17] [%emt 00:04:09]} 19. Nc5 {[%clk 00:42:37] [%emt
00:07:19]} 19... Rd6 {[%clk 00:36:11] [%emt 00:04:36]} 20. Ne4 {[%clk 00:28:37]
[%emt 00:14:30]} 20... Ra6 {[%clk 00:36:26] [%emt 00:00:15]} 21. Nc5 {[%clk
00:28:22] [%emt 00:00:44]} 21... Rd6 {[%clk 00:36:53] [%emt 00:00:04]} 22. Ne4
{[%clk 00:28:44] [%emt 00:00:08]} 22... Rdd8 {[%clk 00:36:42] [%emt 00:00:41]}
23. Rxa5 {[%clk 00:20:14] [%emt 00:09:00]} 23... f5 {[%clk 00:36:30] [%emt
00:00:42]} 24. Nc3 {[%clk 00:10:17] [%emt 00:10:27]} 24... exd4 {[%clk
00:36:00] [%emt 00:01:00]} 25. exd4 {[%clk 00:10:28] [%emt 00:00:19]} 25... Qb6
{[%clk 00:31:04] [%emt 00:05:26]} 26. Rd5 {[%clk 00:07:01] [%emt 00:03:57]}
26... Nxd5 {[%clk 00:29:59] [%emt 00:01:35]} 27. Bxd5+ {[%clk 00:07:28] [%emt
00:00:02]} 27... Kh8 {[%clk 00:29:20] [%emt 00:01:09]} 28. Qd3 {[%clk 00:02:39]
[%emt 00:05:19]} 28... Be6 {[%clk 00:26:34] [%emt 00:03:17]} 29. Kg2 {[%clk
00:02:17] [%emt 00:00:51]} 29... Qa6 {[%clk 00:21:05] [%emt 00:06:00]} 30. h3
{[%clk 00:00:51] [%emt 00:01:55]} 30... Nh6 {[%clk 00:12:38] [%emt 00:08:57]}
31. Bxe6 {[%clk 00:00:32] [%emt 00:00:50]} 31... Qxe6 {[%clk 00:13:00] [%emt
00:00:08]} 32. d5 {[%clk 00:00:36] [%emt 00:00:26]} 32... Qa6 {[%clk 00:11:37]
[%emt 00:01:53]} 33. Bg5 {[%clk 00:00:34] [%emt 00:00:32]} 33... Rd7 {[%clk
00:10:06] [%emt 00:02:01]} 34. Nb5 {[%clk 00:01:02] [%emt 00:00:02]} 34... Ng8
{[%clk 00:08:46] [%emt 00:01:50]} 35. Rf2 {[%clk 00:00:36] [%emt 00:00:55]}
35... Qg6 {[%clk 00:08:20] [%emt 00:00:56]} 36. Bc1 {[%clk 00:00:33] [%emt
00:00:34]} 36... h5 {[%clk 00:03:08] [%emt 00:05:42]} 37. h4 {[%clk 00:00:52]
[%emt 00:00:10]} 37... Rf6 {[%clk 00:01:44] [%emt 00:01:54]} 38. Bg5 {[%clk
00:01:08] [%emt 00:00:14]} 38... Rf8 {[%clk 00:01:53] [%emt 00:00:22]} 39. Nd4
{[%clk 00:01:18] [%emt 00:00:20]} 39... Nh6 {[%clk 00:01:21] [%emt 00:01:02]}
40. Bxh6 {[%clk 00:30:49] [%emt 00:00:58]} 40... Qxh6 {[%clk 00:31:43] [%emt
00:00:08]} 41. Rxf5 {[%clk 00:23:32] [%emt 00:07:47]} 41... Rdf7 {[%clk
00:24:37] [%emt 00:07:37]} 42. Rxf7 {[%clk 00:22:31] [%emt 00:01:30]} 42...
Rxf7 {[%clk 00:25:03] [%emt 00:00:04]} 43. Ne6 {[%clk 00:22:48] [%emt
00:00:13]} 43... Rf6 {[%clk 00:19:58] [%emt 00:05:36]} 44. Qe2 {[%clk 00:21:51]
[%emt 00:01:27]} 44... Qg6 {[%clk 00:19:01] [%emt 00:01:27]} 45. Ng5 {[%clk
00:19:41] [%emt 00:02:39]} 45... Kg8 {[%clk 00:16:40] [%emt 00:02:52]} 46. c5
{[%clk 00:15:18] [%emt 00:04:54]} 46... Rf5 {[%clk 00:13:17] [%emt 00:03:53]}
47. d6 {[%clk 00:11:18] [%emt 00:04:29]} 47... Rd5 {[%clk 00:03:45] [%emt
00:10:02]} 48. Qa2 {[%clk 00:01:35] [%emt 00:10:13]} 48... Qf5 {[%clk 00:03:54]
[%emt 00:00:22]} 49. Qa8+ {[%clk 00:01:11] [%emt 00:00:54]} 49... Qf8 {[%clk
00:04:19] [%emt 00:00:04]} 50. Qa2 {[%clk 00:00:58] [%emt 00:00:43]} 50... Qf5
{[%clk 00:04:44] [%emt 00:00:05]} 51. Qa8+ {[%clk 00:00:46] [%emt 00:00:43]}
51... Qf8 {[%clk 00:05:10] [%emt 00:00:04]} 52. Qxf8+ Kxf8 53. Ne6+ Kf7 {[%emt
00:00:20]} 54. Nd8+ Ke8 55. Nxb7 Kd7 56. Kf3 {[%emt 00:00:09]} 56... Kc6 {[%emt
00:00:01]} 57. Ke4 Rd1 {[%emt 00:00:05]} 58. Nd8+ {[%emt 00:00:10]} 58... Kxc5
{[%emt 00:00:07]} 59. Ne6+ {[%emt 00:00:01]} 59... Kxd6 {[%emt 00:00:02]} 60.
Nxg7 Rd5 {[%emt 00:00:13]} 61. Kf4 {[%emt 00:00:10]} 61... Ke7 {[%emt
00:00:05]} 62. g4 {[%emt 00:00:15]} 62... Rd4+ {[%emt 00:00:02]} 63. Kg5 {[%emt
00:00:15]} 63... Rxg4+ {[%emt 00:00:08]} 64. Kh6 Rxh4 {[%emt 00:00:09]} 65.
Nxh5 {[%emt 00:00:02]} 1/2-1/2

[Event "New Zealand Championship 2023"]
[Site "Wellington"]
[Date "2023.01.05"]
[Round "4.4"]
[White "Cilia Vincenti, David"]
[Black "Ker, Anthony F"]
[Result "1-0"]
[WhiteElo "2136"]
[BlackElo "2425"]

1. Nf3 {[%clk 01:30:56] [%emt 00:00:03]} 1... c5 {[%clk 01:30:52] [%emt
00:00:09]} 2. c4 {[%clk 01:31:18] [%emt 00:00:07]} 2... g6 {[%clk 01:31:08]
[%emt 00:00:15]} 3. e4 {[%clk 01:31:39] [%emt 00:00:09]} 3... Nc6 {[%clk
01:30:02] [%emt 00:01:36]} 4. d4 {[%clk 01:31:56] [%emt 00:00:12]} 4... cxd4
{[%clk 01:30:20] [%emt 00:00:13]} 5. Nxd4 {[%clk 01:32:17] [%emt 00:00:09]}
5... Nf6 {[%clk 01:30:21] [%emt 00:00:30]} 6. Nc3 {[%clk 01:32:36] [%emt
00:00:10]} 6... d6 {[%clk 01:30:19] [%emt 00:00:32]} 7. f3 {[%clk 01:32:10]
[%emt 00:00:55]} 7... Nxd4 {[%clk 01:30:24] [%emt 00:00:26]} 8. Qxd4 {[%clk
01:32:29] [%emt 00:00:10]} 8... Bg7 {[%clk 01:30:48] [%emt 00:00:07]} 9. Be3
{[%clk 01:32:47] [%emt 00:00:12]} 9... O-O {[%clk 01:31:05] [%emt 00:00:14]}
10. Qd2 {[%clk 01:33:14] [%emt 00:00:03]} 10... a5 {[%clk 01:28:34] [%emt
00:03:01]} 11. Na4 {[%clk 01:32:45] [%emt 00:00:59]} 11... Nd7 {[%clk 01:26:01]
[%emt 00:03:03]} 12. Rd1 {[%clk 01:25:11] [%emt 00:08:04]} 12... b6 {[%clk
01:21:54] [%emt 00:04:38]} 13. Be2 {[%clk 01:22:18] [%emt 00:03:22]} 13... Bb7
{[%clk 01:19:20] [%emt 00:03:04]} 14. b3 {[%clk 01:20:34] [%emt 00:02:14]}
14... Nc5 {[%clk 01:18:11] [%emt 00:01:39]} 15. Nc3 {[%clk 01:20:34] [%emt
00:00:30]} 15... f5 {[%clk 01:10:43] [%emt 00:07:58]} 16. exf5 {[%clk 01:19:26]
[%emt 00:01:38]} 16... Rxf5 {[%clk 01:10:58] [%emt 00:00:15]} 17. O-O {[%clk
01:18:44] [%emt 00:01:11]} 17... Qd7 {[%clk 00:53:29] [%emt 00:17:59]} 18. f4
{[%clk 01:07:29] [%emt 00:11:45]} 18... Rff8 {[%clk 00:52:15] [%emt 00:01:45]}
19. Bf3 {[%clk 01:03:28] [%emt 00:04:29]} 19... Bxf3 {[%clk 00:39:42] [%emt
00:13:05]} 20. Rxf3 {[%clk 01:03:18] [%emt 00:00:39]} 20... Rad8 {[%clk
00:39:56] [%emt 00:00:17]} 21. Nd5 {[%clk 00:59:23] [%emt 00:04:25]} 21... Qb7
{[%clk 00:40:19] [%emt 00:00:08]} 22. f5 {[%clk 00:52:24] [%emt 00:07:29]}
22... Rxf5 {[%clk 00:36:58] [%emt 00:03:51]} 23. Rxf5 {[%clk 00:52:11] [%emt
00:00:43]} 23... gxf5 {[%clk 00:37:26] [%emt 00:00:02]} 24. Bxc5 {[%clk
00:29:35] [%emt 00:23:05]} 24... bxc5 {[%clk 00:37:49] [%emt 00:00:08]} 25. Qg5
{[%clk 00:29:54] [%emt 00:00:10]} 25... Re8 {[%clk 00:21:35] [%emt 00:16:44]}
26. Re1 {[%clk 00:18:51] [%emt 00:11:33]} 26... Qd7 {[%clk 00:17:33] [%emt
00:04:33]} 27. Rxe7 {[%clk 00:17:48] [%emt 00:01:24]} 27... Rxe7 {[%clk
00:17:39] [%emt 00:00:34]} 28. Nf6+ {[%clk 00:11:27] [%emt 00:06:51]} 28... Kf8
{[%clk 00:16:11] [%emt 00:01:57]} 29. Nxd7+ {[%clk 00:11:35] [%emt 00:00:22]}
29... Rxd7 {[%clk 00:16:36] [%emt 00:00:05]} 30. Qxf5+ {[%clk 00:11:38] [%emt
00:00:26]} 30... Rf7 {[%clk 00:17:00] [%emt 00:00:06]} 31. Qc8+ {[%clk
00:11:51] [%emt 00:00:17]} 31... Ke7 {[%clk 00:17:25] [%emt 00:00:05]} 32. Qb7+
{[%clk 00:10:03] [%emt 00:02:18]} 32... Ke6 {[%clk 00:17:31] [%emt 00:00:24]}
33. Qe4+ {[%clk 00:09:55] [%emt 00:00:38]} 33... Kd7 {[%clk 00:17:19] [%emt
00:00:44]} 34. g3 {[%clk 00:08:55] [%emt 00:01:29]} 34... Bd4+ {[%clk 00:04:18]
[%emt 00:13:32]} 35. Kg2 {[%clk 00:09:05] [%emt 00:00:19]} 35... Bc3 {[%clk
00:04:43] [%emt 00:00:05]} 36. g4 {[%clk 00:06:45] [%emt 00:02:49]} 36... Kd8
{[%clk 00:02:45] [%emt 00:02:29]} 37. h4 {[%clk 00:05:29] [%emt 00:01:46]}
37... Kd7 {[%clk 00:03:10] [%emt 00:00:05]} 38. a4 {[%clk 00:05:10] [%emt
00:00:48]} 38... Kd8 {[%clk 00:02:37] [%emt 00:01:04]} 39. Qe6 {[%clk 00:04:32]
[%emt 00:01:05]} 39... Rd7 {[%clk 00:02:41] [%emt 00:00:29]} 40. g5 {[%clk
00:34:02] [%emt 00:01:00]} 40... Be5 {[%clk 00:32:26] [%emt 00:00:45]} 41. Kf3
{[%clk 00:33:06] [%emt 00:01:26]} 41... Re7 {[%clk 00:32:32] [%emt 00:00:24]}
42. Qd5 {[%clk 00:32:18] [%emt 00:01:16]} 42... Kc7 {[%clk 00:32:18] [%emt
00:00:45]} 43. Kg4 {[%clk 00:30:40] [%emt 00:02:07]} 43... Bc3 {[%clk 00:32:26]
[%emt 00:00:22]} 44. Kh5 {[%clk 00:30:35] [%emt 00:00:34]} 44... Be1 {[%clk
00:31:45] [%emt 00:01:12]} 45. Qa8 {[%clk 00:29:31] [%emt 00:01:34]} 45... Kd7
{[%clk 00:29:38] [%emt 00:02:38]} 46. Qb7+ {[%clk 00:28:37] [%emt 00:01:25]}
46... Kd8 {[%clk 00:28:23] [%emt 00:01:46]} 47. Qc6 {[%clk 00:27:12] [%emt
00:01:54]} 47... Rd7 {[%clk 00:28:45] [%emt 00:00:08]} 48. Qa8+ {[%clk
00:26:08] [%emt 00:01:34]} 48... Kc7 {[%clk 00:29:04] [%emt 00:00:11]} 49. Qe4
{[%clk 00:24:59] [%emt 00:01:38]} 49... Bc3 {[%clk 00:25:36] [%emt 00:03:58]}
50. Kh6 {[%clk 00:25:08] [%emt 00:00:21]} 50... Kd8 {[%clk 00:23:51] [%emt
00:02:16]} 51. Qxh7 {[%clk 00:24:32] [%emt 00:01:05]} 1-0

[Event "New Zealand Championship 2023"]
[Site "Wellington"]
[Date "2023.01.05"]
[Round "4.5"]
[White "Smith, Robert W"]
[Black "Steadman, Michael V R"]
[Result "1-0"]
[WhiteElo "2283"]
[BlackElo "2306"]

1. e4 {[%clk 01:30:58]} 1... g6 {[%clk 01:30:32] [%emt 00:00:28]} 2. d4 {[%clk
01:31:12] [%emt 00:00:17]} 2... Bg7 {[%clk 01:30:57] [%emt 00:00:04]} 3. c4
{[%clk 01:29:53] [%emt 00:01:49]} 3... d6 {[%clk 01:29:49] [%emt 00:01:38]} 4.
Nc3 {[%clk 01:26:55] [%emt 00:03:28]} 4... Nf6 {[%emt 00:00:59]} 5. g3 {[%clk
01:24:28] [%emt 00:02:55]} 5... O-O {[%clk 01:28:49] [%emt 00:01:03]} 6. Bg2
{[%clk 01:24:19] [%emt 00:00:39]} 6... Nc6 {[%clk 01:27:08] [%emt 00:02:11]} 7.
Nge2 {[%clk 01:21:18] [%emt 00:03:31]} 7... e5 {[%clk 01:24:42] [%emt
00:02:56]} 8. d5 {[%clk 01:21:29] [%emt 00:00:19]} 8... Nd4 {[%clk 01:19:47]
[%emt 00:05:25]} 9. h3 {[%clk 01:21:53] [%emt 00:00:05]} 9... c5 {[%clk
01:17:33] [%emt 00:02:45]} 10. O-O {[%clk 01:20:53] [%emt 00:01:29]} 10... Bd7
{[%clk 01:12:09] [%emt 00:05:54]} 11. a3 {[%clk 01:13:13] [%emt 00:08:11]}
11... a6 {[%clk 01:09:09] [%emt 00:03:29]} 12. b4 {[%clk 01:07:49] [%emt
00:05:55]} 12... cxb4 {[%clk 01:07:39] [%emt 00:02:00]} 13. axb4 {[%clk
01:08:14] [%emt 00:00:06]} 13... Qc8 {[%clk 01:08:04] [%emt 00:00:04]} 14. Nxd4
{[%clk 01:02:54] [%emt 00:05:50]} 14... exd4 {[%clk 01:07:44] [%emt 00:00:50]}
15. Qxd4 {[%clk 01:02:33] [%emt 00:00:50]} 15... Ng4 {[%clk 00:52:31] [%emt
00:15:44]} 16. Qd2 {[%clk 00:53:08] [%emt 00:09:55]} 16... Qxc4 {[%clk
00:51:57] [%emt 00:01:06]} 17. Bb2 {[%clk 00:53:27] [%emt 00:00:10]} 17... Ne5
{[%clk 00:48:35] [%emt 00:03:53]} 18. Na4 {[%clk 00:51:24] [%emt 00:02:31]}
18... Bxa4 {[%clk 00:39:44] [%emt 00:09:22]} 19. Rxa4 {[%clk 00:51:46] [%emt
00:00:07]} 19... Qb3 {[%clk 00:36:33] [%emt 00:03:41]} 20. Bxe5 {[%clk
00:47:32] [%emt 00:04:44]} 20... Qxa4 {[%clk 00:36:19] [%emt 00:00:45]} 21.
Bxd6 {[%clk 00:47:55] [%emt 00:00:06]} 21... Rfc8 {[%clk 00:36:19] [%emt
00:00:30]} 22. e5 {[%clk 00:46:19] [%emt 00:02:06]} 22... Rc4 {[%clk 00:33:25]
[%emt 00:03:25]} 23. Rb1 {[%clk 00:30:40] [%emt 00:16:08]} 23... Rac8 {[%clk
00:32:40] [%emt 00:01:16]} 24. Qg5 {[%clk 00:27:34] [%emt 00:03:35]} 24... h6
{[%clk 00:23:05] [%emt 00:10:05]} 25. Qe3 {[%clk 00:21:08] [%emt 00:06:55]}
25... Rc3 {[%clk 00:21:44] [%emt 00:01:53]} 26. Qb6 {[%clk 00:14:27] [%emt
00:07:11]} 26... Rc1+ {[%clk 00:21:55] [%emt 00:00:20]} 27. Rxc1 {[%clk
00:14:56]} 27... Rxc1+ {[%clk 00:22:19] [%emt 00:00:06]} 28. Kh2 {[%clk
00:15:25]} 28... Qd1 {[%clk 00:22:25] [%emt 00:00:24]} 29. h4 {[%clk 00:15:51]
[%emt 00:00:04]} 29... g5 {[%clk 00:12:23] [%emt 00:10:33]} 30. Qd8+ {[%clk
00:15:55] [%emt 00:00:24]} 30... Kh7 {[%clk 00:12:46] [%emt 00:00:08]} 31. Be4+
{[%clk 00:16:24] [%emt 00:00:02]} 1-0

[Event "New Zealand Championship 2023"]
[Site "Wellington"]
[Date "2023.01.05"]
[Round "4.6"]
[White "Rains, Edward"]
[Black "Hague, Ben"]
[Result "1-0"]
[WhiteElo "2180"]
[BlackElo "2494"]

1. e4 {[%clk 01:30:57] [%emt 00:00:02]} 1... c5 {[%clk 01:30:55] [%emt
00:00:05]} 2. Nc3 {[%clk 01:31:22] [%emt 00:00:05]} 2... Nc6 {[%clk 01:31:21]
[%emt 00:00:04]} 3. f4 {[%clk 01:31:45] [%emt 00:00:06]} 3... g6 {[%clk
01:31:44] [%emt 00:00:07]} 4. Nf3 {[%clk 01:32:09] [%emt 00:00:06]} 4... Bg7
{[%clk 01:32:08] [%emt 00:00:06]} 5. a4 {[%clk 01:32:33] [%emt 00:00:07]} 5...
e6 {[%clk 01:31:00] [%emt 00:01:38]} 6. e5 {[%clk 01:32:52] [%emt 00:00:11]}
6... d6 {[%clk 01:28:35] [%emt 00:02:55]} 7. Bb5 {[%clk 01:32:53] [%emt
00:00:29]} 7... Ne7 {[%clk 01:25:44] [%emt 00:03:21]} 8. Ne4 {[%clk 01:33:02]
[%emt 00:00:21]} 8... dxe5 {[%clk 01:24:05] [%emt 00:02:09]} 9. fxe5 {[%clk
01:33:14] [%emt 00:00:18]} 9... O-O {[%clk 01:23:27] [%emt 00:01:07]} 10. Nf6+
{[%clk 01:30:12] [%emt 00:03:33]} 10... Kh8 {[%clk 01:19:02] [%emt 00:04:54]}
11. d4 {[%clk 01:22:08] [%emt 00:08:35]} 11... Nd5 {[%clk 01:11:49] [%emt
00:07:43]} 12. Bg5 {[%clk 01:08:49] [%emt 00:13:48]} 12... h6 {[%clk 01:05:15]
[%emt 00:07:05]} 13. h4 {[%clk 01:01:59] [%emt 00:07:20]} 13... Nxf6 {[%clk
00:52:47] [%emt 00:12:58]} 14. exf6 {[%clk 00:57:42] [%emt 00:04:47]} 14...
Bxf6 {[%clk 00:53:03] [%emt 00:00:14]} 15. Bxh6 {[%clk 00:52:07] [%emt
00:06:05]} 15... Bg7 {[%clk 00:48:32] [%emt 00:05:01]} 16. Bxg7+ {[%clk
00:48:09] [%emt 00:04:28]} 16... Kxg7 {[%emt 00:05:55]} 17. dxc5 {[%emt
00:03:05]} 17... Qf6 {[%emt 00:02:04]} 18. Bxc6 {[%clk 00:41:06] [%emt
00:00:07]} 18... bxc6 {[%emt 00:03:40]} 19. Qd4 {[%emt 00:06:36]} 19... Qxd4
{[%clk 00:41:01] [%emt 00:00:10]} 20. Nxd4 e5 {[%emt 00:08:58]} 21. Nf3 {[%emt
00:02:43]} 21... e4 {[%clk 00:32:51] [%emt 00:01:38]} 22. Ne5 Bb7 {[%clk
00:32:46] [%emt 00:11:41]} 23. O-O-O Rfe8 {[%emt 00:03:16]} 24. Nc4 {[%emt
00:00:43]} 24... Ba6 {[%clk 00:32:21] [%emt 00:00:12]} 25. Nd6 Re5 {[%clk
00:32:03] [%emt 00:01:25]} 26. b4 Rb8 {[%clk 00:31:04] [%emt 00:02:43]} 27. Rd4
f5 {[%clk 00:26:13] [%emt 00:02:44]} 28. h5 Rh8 {[%emt 00:06:05]} 29. h6+
{[%emt 00:00:26]} 29... Kf6 {[%clk 00:26:25] [%emt 00:00:03]} 30. b5 {[%clk
00:15:16] [%emt 00:04:47]} 30... cxb5 {[%clk 00:26:09] [%emt 00:00:46]} 31.
axb5 {[%clk 00:15:39] [%emt 00:00:06]} 31... Bxb5 {[%clk 00:26:30] [%emt
00:00:10]} 32. Nxb5 {[%clk 00:15:55] [%emt 00:00:13]} 32... Rxc5 {[%clk
00:26:56] [%emt 00:00:05]} 33. Nd6 {[%clk 00:04:53] [%emt 00:11:31]} 33... Rh7
{[%clk 00:25:58] [%emt 00:01:28]} 34. Ra4 {[%clk 00:03:39] [%emt 00:01:45]}
34... Ke5 {[%clk 00:22:40] [%emt 00:02:59]} 35. Nf7+ Kf6 {[%emt 00:02:20]} 36.
Nd8 {[%clk 00:02:31] [%emt 00:01:06]} 36... Rd5 {[%clk 00:22:03] [%emt
00:01:06]} 37. Ra6+ {[%clk 00:02:36] [%emt 00:00:26]} 37... Ke5 {[%clk
00:20:30] [%emt 00:02:23]} 38. Ne6 Rb5 {[%emt 00:02:33]} 39. Ng5 {[%clk
00:00:59] [%emt 00:00:17]} 39... Rhb7 {[%emt 00:00:36]} 40. Ra1 {[%clk
00:30:52] [%emt 00:00:50]} 1-0

[Event "New Zealand Championship 2023"]
[Site "Wellington"]
[Date "2023.01.05"]
[Round "4.7"]
[White "McLaren, Leonard J"]
[Black "Braganza, Nadia"]
[Result "1-0"]
[WhiteElo "2265"]
[BlackElo "1838"]

1. e4 {[%clk 01:30:56] [%emt 00:00:03]} 1... c5 {[%clk 01:30:51] [%emt
00:00:10]} 2. Nf3 {[%clk 01:31:21] [%emt 00:00:05]} 2... Nc6 {[%clk 01:31:18]
[%emt 00:00:04]} 3. c3 {[%clk 01:31:45] [%emt 00:00:05]} 3... d5 {[%clk
01:31:37] [%emt 00:00:11]} 4. exd5 {[%clk 01:32:01] [%emt 00:00:14]} 4... Qxd5
{[%clk 01:32:01] [%emt 00:00:06]} 5. d4 {[%clk 01:31:58] [%emt 00:00:32]} 5...
e6 {[%clk 01:32:11] [%emt 00:00:21]} 6. Be3 {[%clk 01:31:46] [%emt 00:00:41]}
6... Nf6 {[%clk 01:29:22] [%emt 00:03:20]} 7. Na3 {[%clk 01:27:58] [%emt
00:04:18]} 7... cxd4 {[%clk 01:22:40] [%emt 00:07:12]} 8. Nb5 {[%clk 01:27:38]
[%emt 00:00:50]} 8... Qd8 {[%clk 01:22:46] [%emt 00:00:24]} 9. Nbxd4 {[%clk
01:27:07] [%emt 00:01:01]} 9... Nxd4 {[%clk 01:15:59] [%emt 00:07:18]} 10. Qxd4
{[%clk 01:25:55] [%emt 00:01:41]} 10... Qxd4 {[%clk 01:13:43] [%emt 00:02:46]}
11. Bxd4 {[%clk 01:25:21] [%emt 00:01:04]} 11... Be7 {[%clk 01:09:41] [%emt
00:04:33]} 12. Be2 {[%clk 01:23:03] [%emt 00:02:47]} 12... O-O {[%clk 01:07:31]
[%emt 00:02:40]} 13. O-O {[%clk 01:20:41] [%emt 00:02:52]} 13... b6 {[%clk
01:07:15] [%emt 00:00:46]} 14. a4 {[%clk 01:20:04] [%emt 00:01:06]} 14... Bb7
{[%clk 00:51:37] [%emt 00:16:08]} 15. a5 {[%clk 01:19:44] [%emt 00:00:50]}
15... Nd7 {[%clk 00:45:55] [%emt 00:06:12]} 16. b4 {[%clk 01:06:40] [%emt
00:13:34]} 16... Bf6 {[%clk 00:43:16] [%emt 00:03:10]} 17. a6 {[%clk 01:04:13]
[%emt 00:02:57]} 17... Be4 {[%clk 00:41:49] [%emt 00:01:56]} 18. Nd2 {[%clk
00:57:52] [%emt 00:06:51]} 18... Bxd4 {[%clk 00:32:55] [%emt 00:09:25]} 19.
Nxe4 {[%clk 00:58:06] [%emt 00:00:15]} 19... Be5 {[%clk 00:31:54] [%emt
00:01:31]} 20. f4 {[%clk 00:56:26] [%emt 00:02:09]} 20... Bc7 {[%clk 00:29:24]
[%emt 00:03:01]} 21. Rad1 {[%clk 00:53:33] [%emt 00:03:23]} 21... Rfd8 {[%clk
00:27:55] [%emt 00:01:59]} 22. Nd6 {[%clk 00:43:05] [%emt 00:10:58]} 22... Bxd6
{[%clk 00:24:43] [%emt 00:03:43]} 23. Rxd6 {[%clk 00:43:29] [%emt 00:00:06]}
23... Kf8 {[%clk 00:25:07] [%emt 00:00:07]} 24. Rfd1 {[%clk 00:40:01] [%emt
00:03:57]} 24... Ke7 {[%clk 00:25:26] [%emt 00:00:12]} 25. Bf3 {[%clk 00:39:37]
[%emt 00:00:53]} 25... Rac8 {[%clk 00:19:53] [%emt 00:06:04]} 26. Kf2 {[%clk
00:35:37] [%emt 00:04:30]} 26... Nf6 {[%clk 00:19:14] [%emt 00:01:09]} 27. Rxd8
{[%clk 00:35:30] [%emt 00:00:36]} 27... Rxd8 {[%clk 00:19:40] [%emt 00:00:05]}
28. Rxd8 {[%clk 00:35:18] [%emt 00:00:42]} 28... Kxd8 {[%clk 00:20:06] [%emt
00:00:04]} 29. Ke3 {[%clk 00:35:06] [%emt 00:00:42]} 29... Kc7 {[%clk 00:19:45]
[%emt 00:00:51]} 30. Kd4 {[%clk 00:34:24] [%emt 00:01:12]} 30... Kd6 {[%clk
00:18:34] [%emt 00:01:41]} 31. c4 {[%clk 00:30:59] [%emt 00:03:54]} 31... Nd7
{[%clk 00:15:51] [%emt 00:03:13]} 32. Bd1 {[%clk 00:28:47] [%emt 00:02:42]}
32... Nb8 {[%clk 00:04:18] [%emt 00:12:03]} 33. c5+ {[%clk 00:22:17] [%emt
00:07:00]} 33... bxc5+ {[%clk 00:04:43] [%emt 00:00:05]} 34. bxc5+ {[%clk
00:22:43] [%emt 00:00:04]} 34... Kc7 {[%clk 00:04:57] [%emt 00:00:16]} 35. Be2
{[%clk 00:19:54] [%emt 00:03:19]} 35... Nc6+ {[%clk 00:03:54] [%emt 00:01:33]}
36. Kc4 {[%clk 00:18:57] [%emt 00:01:26]} 36... Na5+ {[%clk 00:04:00] [%emt
00:00:25]} 37. Kc3 {[%clk 00:18:25] [%emt 00:01:02]} 37... Nc6 {[%clk 00:04:07]
[%emt 00:00:23]} 38. Bd3 {[%clk 00:18:20] [%emt 00:00:35]} 38... h6 {[%clk
00:02:44] [%emt 00:01:54]} 39. g4 {[%clk 00:17:10] [%emt 00:01:39]} 39... Ne7
{[%clk 00:01:20] [%emt 00:01:55]} 40. Be4 {[%clk 00:46:20] [%emt 00:01:19]}
40... Nc6 {[%clk 00:30:34] [%emt 00:01:17]} 41. h4 {[%clk 00:44:02] [%emt
00:02:47]} 41... f6 {[%clk 00:20:18] [%emt 00:10:46]} 42. g5 {[%clk 00:36:24]
[%emt 00:08:07]} 42... hxg5 {[%clk 00:19:37] [%emt 00:01:11]} 43. fxg5 {[%clk
00:36:00] [%emt 00:00:54]} 43... fxg5 {[%clk 00:09:06] [%emt 00:11:02]} 44.
hxg5 {[%clk 00:36:18] [%emt 00:00:11]} 44... Ne5 {[%clk 00:08:24] [%emt
00:01:14]} 45. Kd4 {[%clk 00:35:13] [%emt 00:01:33]} 45... Nf7 {[%clk 00:08:33]
[%emt 00:00:22]} 46. g6 {[%clk 00:34:53] [%emt 00:00:49]} 46... Nd8 {[%clk
00:08:46] [%emt 00:00:17]} 47. Ke5 {[%clk 00:34:22] [%emt 00:01:00]} 47... Kd7
{[%clk 00:09:06] [%emt 00:00:11]} 48. Bf3 {[%clk 00:31:56] [%emt 00:02:56]}
48... Kc7 {[%clk 00:07:31] [%emt 00:02:05]} 49. c6 {[%clk 00:30:31] [%emt
00:01:54]} 49... Kb6 {[%clk 00:05:24] [%emt 00:02:37]} 50. Kd6 {[%clk 00:30:31]
[%emt 00:00:30]} 1-0